000 01703nam a2200337 i 4500
001 768714001
003 CO-MdFUSB
005 20210306113117.0
007 ta
008 200530t2001 ck |||| |||| 00| 0 spa d
020 _a95806140002
040 _aCO-MdFUSB
_bspa
_cCO-MdFUSB
_dCO-MdFUSBC
_erda
041 _aspa
082 _223
_a303.609861
_bA662
100 _aAranguren Molina, Mauricio,
_eautor
245 _aMi confesión :
_bCarlos Castaño revela sus secretos
_c/ Mauricio Aranguren Molina
264 1 _aBogotá, Colombia :
_bOveja Negra,
_c[2001]
264 4 _c© 2001
300 _a331 páginas
_c; 23 cm
336 _2rdacontent
_atexto
_btxt
337 _2rdamedia
_asin mediación
_bn
338 _2rdacarrier
_avolumen
_bnc
505 _aLa exhumación. -- ¿Pizarro tenía que morir? -- El secuestro de mi padre. -- Mi infancia. -- Historia de la autodefensa. -- Mi viaje a Israel y la lucha antisubversiva urbana. -- La guerra contra Pablo Escobar. -- ¿Quién era Fidel Castaño? -- El cartel de Cali. -- Mis encuentros con Serpa. -- Mi segundo padre. -- La formación de Carlos Castaño con el amigo sibarita. -- Nacieron las autodefensas unidas de Colombia. -- Las autodefensas y el narcotráfico. -- Las FARC entre el romance y la muerte. -- La guerra de Urabá. -- Días de conspiración. -- Salvatore Mancuso. -- La derrota del ELN. -- Las conversaciones secretas: el gobierno Pastrana y las autodefensas. -- Mi matrimonio. -- La terraza. -- La renuncia. -- La constituyente y el futuro.
563 _aRústico
650 7 _9409
_aBiografía
653 _aParamilitarismo.
653 _aGuerrillas.
653 _aCastaño, Carlos.
942 _cBK
945 _aJTF-925
999 _c65925
_d65925